Valgatha a iné prózy /

Gespeichert in:
Bibliographische Detailangaben
1. Verfasser: KUBÁNI, Ľudovít (Verfasst von)
Format: Buch
Sprache:Slowakisch
Veröffentlicht: Bratislave Slovenské vydavateľstvo krásnej literatúry 1965
Ausgabe:2. vydanie
Schriftenreihe:Hviezdoslavova knižnica 104 zv.
Tags: Tag hinzufügen
Keine Tags, Fügen Sie das erste Tag hinzu!

MARC

LEADER 00000nam a22000003a 4500
001 0102872
003 SK-STU
005 20230623101035.3
007 ta
008 230623s ----xo-----e------000-0-----d
040 |a STU  |b slo 
041 0 |a slo 
044 |a xo 
100 1 |a KUBÁNI, Ľudovít  |4 aut 
245 1 0 |a Valgatha a iné prózy /  |c aut. Ľudovít KUBÁNI 
250 |a 2. vydanie 
260 |a Bratislave  |b Slovenské vydavateľstvo krásnej literatúry  |c 1965 
300 |a 277 s. 
490 0 |a Hviezdoslavova knižnica  |v 104 zv. 
996 |c I* 4SOA13954  |l I  |s A  |a 24  |w 0102872_0001